Online katalóg knižníc regiónu Turca

Skaza hradu (Record no. 21117)

MARC details
000 -LEADER
fixed length control field 00702nam a2200265 a 4500
001 - CONTROL NUMBER
control field 21117
003 - CONTROL NUMBER IDENTIFIER
control field VRT
005 - DATE AND TIME OF LATEST TRANSACTION
control field 20260213151452.0
008 - FIXED-LENGTH DATA ELEMENTS--GENERAL INFORMATION
fixed length control field 060405s1979 xo slo d
020 ## - INTERNATIONAL STANDARD BOOK NUMBER
Terms of availability 25.00
035 ## - SYSTEM CONTROL NUMBER
System control number MIZKGZ15710
039 #9 - LEVEL OF BIBLIOGRAPHIC CONTROL AND CODING DETAIL [OBSOLETE]
Level of rules in bibliographic description 200604062346
Level of effort used to assign nonsubject heading access points VLOAD
040 ## - CATALOGING SOURCE
Original cataloging agency MIZKGZ
Language of cataloging slo
Transcribing agency MIZKGZ
041 0# - LANGUAGE CODE
Language code of text/sound track or separate title slo
100 1# - MAIN ENTRY--PERSONAL NAME
Personal name Poničan, Ján
245 1# - TITLE STATEMENT
Title Skaza hradu
Statement of responsibility, etc. Ján Poničan
250 ## - EDITION STATEMENT
Edition statement 1. vyd.
260 ## - PUBLICATION, DISTRIBUTION, ETC.
Place of publication, distribution, etc. Bratislava
Name of publisher, distributor, etc. Mladé letá
Date of publication, distribution, etc. 1979
300 ## - PHYSICAL DESCRIPTION
Extent 302 s.
910 ## - USER-OPTION DATA (OCLC)
User-option data mizkgz
942 ## - ADDED ENTRY ELEMENTS (KOHA)
Source of classification or shelving scheme Dewey Decimal Classification
Koha item type Krásna literatúra pre dospelých
Suppress in OPAC No
949 ## - LOCAL PROCESSING INFORMATION (OCLC)
6 4710704425
a strmkM
b strmk2008/4425
949 ## - LOCAL PROCESSING INFORMATION (OCLC)
6 4710706287
a strmkM
b strmk2008/6287
Holdings
Stav vyradenia Strata Poškodenie Spôsob nadobudnutia Domovská knižnica Aktuálna knižnica Dátum nadobudnutia Total checkouts Čiarový kód exemplára Date last seen Typ exemplára
      Dar Obecná knižnica Horná Štubňa Obecná knižnica Horná Štubňa 13.02.2026   4736201307 13.02.2026 Krásna literatúra pre dospelých
Projekt je podporený Slovenskou asociáciou knižníc
Prevádzkuje Turčianska knižnica Martin 2026